טוען...

Reading masques the English masque and public culture in the seventeenth century /

Considering masques from the point of view of reception as well as production, this work illuminates intersections of elite and public culture in 17th century England. Lauren Shohet traces the ways that both courtly and non-courtly masques circulated, and rethinks what it means to "read" a...

תיאור מלא

מידע ביבליוגרפי
מחבר ראשי: Shohet, Lauren
פורמט: ספר אלקטרוני
שפה:English
יצא לאור: Oxford : Oxford University Press, 2010.
נושאים:
גישה מקוונת:Click here to view full text
LEADER 01619nam a2200313 a 4500
001 EDZ0000076888
003 StDuBDS
005 20200624130737.0
006 m||||||||d||||||||
007 cr||||||||||||
008 100902s2010 enk fo 001|0 eng|d
020 |a 9780191594311 (ebook) :  |c No price 
040 |a StDuBDS  |c StDuBDS 
050 4 |a PR658.M3 
082 0 4 |a 822.05  |2 22 
100 1 |a Shohet, Lauren. 
245 1 0 |a Reading masques  |h [electronic resource] :  |b the English masque and public culture in the seventeenth century /  |c Lauren Shohet. 
260 |a Oxford :  |b Oxford University Press,  |c 2010. 
300 |a 1 online resource. 
500 |a On-campus only: no User ID or password required 
520 8 |a Considering masques from the point of view of reception as well as production, this work illuminates intersections of elite and public culture in 17th century England. Lauren Shohet traces the ways that both courtly and non-courtly masques circulated, and rethinks what it means to "read" a masque. 
504 |a Includes bibliographical references and index. 
588 |a Description based on online resource; title from home page (viewed Sept. 7, 2010). 
650 0 |a Masques, English  |x History and criticism. 
650 0 |a English drama  |y 17th century  |x History and criticism. 
776 0 8 |i Print version  |z 9780199295890 
856 4 0 |u http://dx.doi.org/10.1093/acprof:oso/9780199295890.001.0001  |z Available Online  |y Click here to view full text 
999 |c 99269  |d 99269 
952 |0 0  |1 0  |4 0  |6 EBOOK  |7 0  |9 98695  |a UL  |b UL  |c ST1  |d 2013-06-03  |l 0  |o eBook  |r 2013-06-03  |w 2013-06-03  |y EB  |z eBook from Oxford Scholarship Online